101 of the world's tallest buildings / (Record no. 8933)
[ view plain ]
| 000 -LEADER | |
|---|---|
| fixed length control field | 01218nam a22003495a 4500 |
| 003 - CONTROL NUMBER IDENTIFIER | |
| control field | EG-ScBUE |
| 005 - DATE AND TIME OF LATEST TRANSACTION | |
| control field | 20221013130515.0 |
| 008 - FIXED-LENGTH DATA ELEMENTS--GENERAL INFORMATION | |
| fixed length control field | 150823t2006 vraae f 001 0 eng d |
| 020 ## - INTERNATIONAL STANDARD BOOK NUMBER | |
| International Standard Book Number | 1864701730 : |
| 020 ## - INTERNATIONAL STANDARD BOOK NUMBER | |
| International Standard Book Number | 9781864701739 : |
| 040 ## - CATALOGING SOURCE | |
| Original cataloging agency | EG-ScBUE |
| Language of cataloging | eng |
| Description conventions | rda |
| Transcribing agency | EG-ScBUE |
| Modifying agency | EG-ScBUE |
| 082 04 - DEWEY DECIMAL CLASSIFICATION NUMBER | |
| Classification number | 720.483 |
| Item number | ONE |
| Edition number | 22 |
| 245 00 - TITLE STATEMENT | |
| Title | 101 of the world's tallest buildings / |
| Statement of responsibility, etc | edited by Georges Binder. |
| 246 3# - VARYING FORM OF TITLE | |
| Title proper/short title | One hundred and one of the world's tallest buildings |
| 264 #1 - PUBLICATION, DISTRIBUTION, ETC. (IMPRINT) | |
| Place of publication, distribution, etc | Mulgrave, Victoria : |
| Name of publisher, distributor, etc | Images Publishing, |
| Date of publication, distribution, etc | [2006] |
| 264 #4 - PUBLICATION, DISTRIBUTION, ETC. (IMPRINT) | |
| Date of publication, distribution, etc | c2006 |
| 300 ## - PHYSICAL DESCRIPTION | |
| Extent | 238 pages : |
| Other physical details | illustrations (chiefly color), plans ; |
| Dimensions | 31 cm |
| 500 ## - GENERAL NOTE | |
| General note | "Council on Tall Buildings and Urban Habitat". |
| 500 ## - GENERAL NOTE | |
| General note | Includes index. |
| 500 ## - GENERAL NOTE | |
| General note | Includes appendix.<br/> |
| 590 ## - LOCAL NOTE (RLIN) | |
| Local note | Mohamed hussein |
| 650 #7 - SUBJECT ADDED ENTRY--TOPICAL TERM | |
| Topical term or geographic name as entry element | Tall buildings |
| General subdivision | Designs and plans. |
| Source of heading or term | BUEsh |
| 650 #7 - SUBJECT ADDED ENTRY--TOPICAL TERM | |
| Topical term or geographic name as entry element | Tall buildings |
| Form subdivision | Pictorial works. |
| Source of heading or term | BUEsh |
| 650 #7 - SUBJECT ADDED ENTRY--TOPICAL TERM | |
| Topical term or geographic name as entry element | Skyscrapers |
| General subdivision | Designs and plans. |
| Source of heading or term | BUEsh |
| 650 #7 - SUBJECT ADDED ENTRY--TOPICAL TERM | |
| Topical term or geographic name as entry element | Skyscrapers |
| Form subdivision | Pictorial works. |
| Source of heading or term | BUEsh |
| 651 ## - SUBJECT ADDED ENTRY--GEOGRAPHIC NAME | |
| Source of heading or term | BUEsh |
| 653 ## - INDEX TERM--UNCONTROLLED | |
| Resource For college | Engineering, General |
| Arrived date list | August2015 |
| 655 ## - INDEX TERM--GENRE/FORM | |
| Form subdivision | Reading book |
| 700 1# - ADDED ENTRY--PERSONAL NAME | |
| Personal name | Binder, Georges, |
| Relator term | editor. |
| 710 2# - ADDED ENTRY--CORPORATE NAME | |
| Corporate name or jurisdiction name as entry element | Council on Tall Buildings and Urban Habitat. |
| 942 ## - ADDED ENTRY ELEMENTS (KOHA) | |
| Koha item type | Book - Borrowing |
| Source of classification or shelving scheme | Dewey Decimal Classification |
| Withdrawn status | Lost status | Source of classification or shelving scheme | Damaged status | Not for loan | Collection code | Home library | Current library | Shelving location | Date acquired | Source of acquisition | Total Checkouts | Total Renewals | Full call number | Barcode | Date last seen | Date checked out | Koha item type | Cost, normal purchase price | Serial Enumeration / chronology | Price effective from |
|---|---|---|---|---|---|---|---|---|---|---|---|---|---|---|---|---|---|---|---|---|
| Dewey Decimal Classification | Baccah | Central Library | Central Library | Second Floor | 31/03/2008 | Purchase | 17 | 106 | 720.483 ONE | 000010798 | 15/07/2025 | 08/02/2018 | Book - Borrowing | |||||||
| Dewey Decimal Classification | Alahram | Central Library | Central Library | Second Floor | 07/06/2009 | 7 | 720.483 ONE | 000016159 | 15/07/2025 | 10/02/2013 | NB - Book (Non borrowing) | 386.00 | 381 | 07/06/2009 |